000
00276dam a22001097a 4500
999
_c
2965
_d
2965
008
190510e1978 sp ||||| |||| 00| 0 spa d
100
_a
Levene, G.
245
_a
Atlas de dermatologia
250
_a
1a ed.
260
_a
Barcelona
_b
Editorial cientifico medica
_c
1978
500
_a
Baja